A life on our planet : (Record no. 364611)
[ view plain ]
| 000 -LEADER | |
|---|---|
| fixed length control field | 01935nam a2200445 i 4500 |
| 001 - CONTROL NUMBER | |
| control field | 3073191 |
| 005 - DATE AND TIME OF LATEST TRANSACTION | |
| control field | 20210908135918.0 |
| 008 - FIXED-LENGTH DATA ELEMENTS--GENERAL INFORMATION | |
| fixed length control field | 201001s2020 nyua b 001 0 eng d |
| 020 ## - INTERNATIONAL STANDARD BOOK NUMBER | |
| International Standard Book Number | 9781538719985 : |
| Terms of availability | $26.00 |
| 020 ## - INTERNATIONAL STANDARD BOOK NUMBER | |
| International Standard Book Number | 1538719983 : |
| Terms of availability | $26.00 |
| 020 ## - INTERNATIONAL STANDARD BOOK NUMBER | |
| Cancelled/invalid ISBN | 9781538720004 |
| 035 ## - SYSTEM CONTROL NUMBER | |
| System control number | (OCoLC)1156386920 |
| 035 ## - SYSTEM CONTROL NUMBER | |
| System control number | (OCoLC)on1156386920 |
| 035 ## - SYSTEM CONTROL NUMBER | |
| System control number | 3064685 |
| 040 ## - CATALOGING SOURCE | |
| Original cataloging agency | PABRO |
| Language of cataloging | eng |
| Description conventions | rda |
| Transcribing agency | PABRO |
| 050 #4 - LIBRARY OF CONGRESS CALL NUMBER | |
| Classification number | QH45.2 |
| Item number | .A88 2020 |
| 082 04 - DEWEY DECIMAL CLASSIFICATION NUMBER | |
| Classification number | 508 |
| Edition number | 23 |
| 092 ## - LOCALLY ASSIGNED DEWEY CALL NUMBER (OCLC) | |
| Classification number | general nonfiction |
| Item number | 508 Attenborough |
| 100 1# - MAIN ENTRY--PERSONAL NAME | |
| Personal name | Attenborough, David, |
| Dates associated with a name | 1926- |
| Relator term | author. |
| 9 (RLIN) | 10610 |
| 245 12 - TITLE STATEMENT | |
| Title | A life on our planet : |
| Remainder of title | my witness statement and a vision for the future / |
| Statement of responsibility, etc | David Attenborough with Jonnie Hughes. |
| 250 ## - EDITION STATEMENT | |
| Edition statement | First American edition. |
| 264 #1 - Production, Publication, Distribution, Manufacture, and Copyright Notice. | |
| Place of production, publication, distribution, manufacture | New York : |
| Name of producer, publisher, distributor, manufacturer | Grand Central Publishing, |
| Date of production, publication, distribution, manufacture, or copyr | 2020. |
| 300 ## - PHYSICAL DESCRIPTION | |
| Extent | 266 pages : |
| Other physical details | illustrations (some color) ; |
| Dimensions | 22 cm |
| 336 ## - Content Type | |
| Content type term | text |
| 337 ## - Media type | |
| Media type term | unmediated |
| 338 ## - Carrier type | |
| Carrier type term | volume |
| 504 ## - BIBLIOGRAPHY, ETC. NOTE | |
| Bibliography, etc | Includes bibliographical references (pages 247-259) and index. |
| 650 #0 - SUBJECT ADDED ENTRY--TOPICAL TERM | |
| Topical term or geographic name as entry element | Natural history. |
| 650 #0 - SUBJECT ADDED ENTRY--TOPICAL TERM | |
| Topical term or geographic name as entry element | Biodiversity conservation. |
| 650 #7 - SUBJECT ADDED ENTRY--TOPICAL TERM | |
| Topical term or geographic name as entry element | NATURE / Environmental Conservation & Protection |
| Source of heading or term | bisacsh |
| 9 (RLIN) | 5733577 |
| 650 #7 - SUBJECT ADDED ENTRY--TOPICAL TERM | |
| Topical term or geographic name as entry element | SCIENCE / Global Warming & Climate Change |
| Source of heading or term | bisacsh |
| 9 (RLIN) | 5954766 |
| 650 #7 - SUBJECT ADDED ENTRY--TOPICAL TERM | |
| Topical term or geographic name as entry element | SCIENCE / Natural History |
| Source of heading or term | bisacsh |
| 9 (RLIN) | 5768946 |
| 700 1# - ADDED ENTRY--PERSONAL NAME | |
| Personal name | Hughes, Jonnie, |
| Relator term | author. |
| 9 (RLIN) | 6426413 |
| 942 ## - ADDED ENTRY ELEMENTS (KOHA) | |
| Source of classification or shelving scheme | Dewey Decimal Classification |
| Koha item type | BOOK |
| 948 ## - LOCAL PROCESSING INFORMATION (OCLC); SERIES PART DESIGNATOR (RLIN) | |
| Series part designator, SPT (RLIN) | CBT |
| b (OCLC) | ADULT |
| p (OCLC) | X122188634 |
| h (OCLC) | 508 |
| i (OCLC) | A883L 2020 |
| f (OCLC) | 1 |
| r (OCLC) | 2 |
| g (OCLC) | 1 |
| 7 (OCLC) | 0 |
| u (OCLC) | 3 |
| w (OCLC) | 11 |
| s (OCLC) | 0 |
| o (OCLC) | CBT |
| 0 (OCLC) | $26.00 |
| y (OCLC) | 99 |
| c (OCLC) | 88 |
| j (OCLC) | Dewey Decimal |
| n (OCLC) | On-Order |
| e (OCLC) | 1833352-4 |
| 9 (OCLC) | Item generated Nov 19 2020 3:47PM |
| Withdrawn status | Lost status | Source of classification or shelving scheme | Damaged status | Not for loan | Collection code | Home library | Current library | Shelving location | Date acquired | Source of acquisition | Total Checkouts | Total Renewals | Full call number | Barcode | Date last seen | Date checked out | Cost, replacement price | Price effective from | Koha item type |
|---|---|---|---|---|---|---|---|---|---|---|---|---|---|---|---|---|---|---|---|
| Dewey Decimal Classification | General NonFiction | Wasatch County Library | Wasatch County Library | Second Floor | 09/08/2021 | Amazon | 6 | 3 | 508 Att | 34301001807157 | 03/03/2026 | 04/13/2023 | 26.00 | 09/08/2021 | BOOK |
